The bases of values in a time of change: Chinese philosophical studies, XVI

Serie de estudios sobre las bases axiológicas entre la cultura occidental y la china. Puntualmente se concentran en la filosofía china, como son las bases materiales y espirituales de los valores y la relación entre los valores y las tradiciones culturales asiáticas. Asimismo, presenta una sección s...

وصف كامل

محفوظ في:
التفاصيل البيبلوغرافية
المؤلف الرئيسي: Bunchua, Kirti, ed.; Fangtong, Liu, ed.; Xuanmeng, Yu; Wujin, Yu
التنسيق: كتاب
اللغة:Undetermined
منشور في: Washington, Estados Unidos The Council for Research in Values and Philosophy 1999
الموضوعات:
الوسوم: إضافة وسم
لا توجد وسوم, كن أول من يضع وسما على هذه التسجيلة!

MARC

LEADER 00000nam a2200000Ia 4500
008 170316s9999 xx 000 0 und d
040 |a cru BVZT 
090 |a 100 B-14.1b 
100 |a Bunchua, Kirti, ed.; Fangtong, Liu, ed.; Xuanmeng, Yu; Wujin, Yu  |9 1937 
245 4 |a The bases of values in a time of change: Chinese philosophical studies, XVI  |c / Bunchua, Kirti, ed.; Fangtong, Liu, ed.; Xuanmeng, Yu; Wujin, Yu 
260 |a Washington, Estados Unidos  |b The Council for Research in Values and Philosophy  |c 1999 
300 |a 359 páginas 
520 |a Serie de estudios sobre las bases axiológicas entre la cultura occidental y la china. Puntualmente se concentran en la filosofía china, como son las bases materiales y espirituales de los valores y la relación entre los valores y las tradiciones culturales asiáticas. Asimismo, presenta una sección sobre la comunicación entre ambas culturas 
650 |a FILOSOFÍA  |9 5 
650 |a FILOSOFÍA CHINA  |9 1938 
650 |a VALORES  |9 623 
650 |a ESTE Y OESTE  |9 1939 
650 |a FILOSOFÍA COMPARATIVA  |9 1940 
999 |c 15639  |d 15639 
942 |c 15 D  |h 100 B-14.1b  |2 z